President per Home State Quiz Stats

Quiz Updated Jan 20, 2017

Challenge
Share
Tweet
Embed
Score 0/18 Timer 03:00
0 Plays Today
State President(s) % Correct
ArkansasClinton
93.3%
IllinoisLincoln, Grant...
92.4%
CaliforniaHoover, Nixon...
89.6%
TexasL. Johnson, Bush...
86.5%
VirginiaWashington, Jefferson...
81.3%
MassachusettsAdams, Adams...
81.2%
GeorgiaCarter
77.6%
New YorkVan Buren, Fillmore...
62.9%
OhioW. Harrison, Hayes...
54.9%
State President(s) % Correct
TennesseeJackson, Polk...
52.7%
MichiganFord
52.4%
MissouriTruman
46.3%
VermontCoolidge
30.6%
New JerseyWilson
29.8%
New HampshirePierce
22.2%
IndianaB. Harrison
22%
PennsylvaniaBuchanan
18.3%
LouisianaTaylor
14.8%

You're not logged in!

Compare scores with friends on all Sporcle quizzes.
Join for Free
OR
Log In

You Might Also Like...

Show Comments

Extras

Top Quizzes Today


Score Distribution

Your Account Isn't Verified!

In order to create a playlist on Sporcle, you need to verify the email address you used during registration. Go to your Sporcle Settings to finish the process.

Report this User

Report this user for behavior that violates our Community Guidelines.

Details: